Việt Nam trên con đường lớn : Vì mục tiêu dân giàu, nước mạnh,xã hội công bằng, dân chủ, văn minh

Uloženo v:
Podrobná bibliografie
Médium: Kniha
Jazyk:Undetermined
Vydáno: Hà Nội Lao động 2004
Témata:
Tagy: Přidat tag
Žádné tagy, Buďte první, kdo otaguje tento záznam!
Thư viện lưu trữ: Trung tâm Học liệu Trường Đại học Cần Thơ
LEADER 00657nam a2200205Ia 4500
001 CTU_91733
008 210402s9999 xx 000 0 und d
082 |a 959.7 
082 |b V308 
245 0 |a Việt Nam trên con đường lớn : 
245 0 |b Vì mục tiêu dân giàu, nước mạnh,xã hội công bằng, dân chủ, văn minh 
245 0 |c Nguyễn Văn Khánh ... [et al.] chủ biên 
260 |a Hà Nội 
260 |b Lao động 
260 |c 2004 
650 |a Vietnam 
650 |x History 
650 |y 1945-2005 
904 |i Tuyến 
980 |a Trung tâm Học liệu Trường Đại học Cần Thơ